A Matter of Time - Laufey Sudden Death - Statistics

General Stats
  • This quiz has been taken 122 times
  • The average score is 13 of 14
Answers on the Grid
Answers color-coded by a green-red scale on the quiz's grid according to % correct below.
Clockwork
Lover Girl
Snow White
Castle in Hollywood
Carousel
Silver Lining
Too Little, Too Late
Cuckoo Ballet (Interlude)
Forget-Me-Not
Tough Luck
A Cautionary Tale
Mr. Eclectic
Clean Air
Sabotage
Falling Behind
Bored
Valentine
Beautiful Stranger
Santa Baby
Must Be Love
From The Start
Above the Chinese Restaurant
Night Light
Hi
A Night To Remember
 
Answer Stats
Answer % Correct
Clockwork
92%
Forget-Me-Not
92%
Too Little, Too Late
92%
Tough Luck
92%
A Cautionary Tale
91%
Cuckoo Ballet (Interlude)
91%
Castle in Hollywood
90%
Clean Air
90%
Mr. Eclectic
90%
Sabotage
90%
Carousel
88%
Silver Lining
88%
Snow White
87%
Lover Girl
86%
No matching quizzes found
Score Distribution
Percent of People with Each Score
Percentile by Number Answered
Your Score History
You have not taken this quiz